zpět

Detail výsledku týmu

Pivnice Šenk, Český Brod

Datum a čas kvízu

28 Celkem bodů Celkový počet nahraných bodů na tomto kvízu bez doplňovacích otázek.
3. Pořadí na kvízu Konečné umístění týmu na tomto kvízu.

Zaznamenané odpovědi

# Otázka Odpověď Body Výsledky
1. Vůz Škoda 1200 z roku 1955, pr... Jandera 1
2. Co neobvyklého přistálo ve čtv... C) kontejnerová loď 0
3. V pondělí nalezli francouzští... Jim Morrison 1
4. Kmen Marubo z Amazonského pral... C) na pornu 0
5. Jak se nazývá klub, který se v... Tottenham (Hotspur) 1
6. V tomto tématu se podíváme na... Hayato Okamura, KDU-ČSL 0.5
7. Jak se jmenuje tento muž? Opět... Casey Affleck 0
8. Tentokrát nás zajímá příjmení... Dana Hlaváčová; Dora 1
9. Jak se jmenuje tento muž? Tent... Etzler; novinář 0.5
10. Napište jméno i příjmení této... Kristýna Plíšková; Dávid Hancko 1